000 004900000a22001930004500
003 LK-CoMWRAF
005 20230924075536.0
008 230817t ||||| |||| 00| 0 eng d
020 _a8171013236
040 _aLK-CoMWRAF
_dLK-CoMWRAF
_eLK-CoMWRAF
041 _aeng
082 _a297.54
_bOMA
100 _aOmar, Mohammad Shoaib
245 _aThe Rules of Zakat
260 _aNew Delhi :
_bIdara Isha'at-E-Diniyat (P) Ltd,
_c2003
300 _a48p
650 _aIslam-Zakat
942 _cBK
999 _c864
_d864